000 01240nam a22003137a 4500
003 OSt
005 20240209183518.0
008 240209b |||||||| |||| 00| 0 eng d
022 _a2539-357X
037 _bDonación
040 _aCO-JMCR
_cCO-JMCR
_dCO-JMCR
_erda
_bspa
041 _aspa
082 _223
_a070.44
_bV43
100 _aVelez Tirado, Miguel
_eeditor
_943349
130 _aRevista 360
_943342
245 _aRevista 360 :
_b2022 Tiempo para recuperar y volver a confiar, año decisivo para Colombia /
_ceditada por Miguel Velez Tirado
250 _aNo. 6
260 _aMedellín :
_bGaviria Cano,
_c2021
300 _a198 páginas:
_bilustraciones a color;
_c27 cm.
310 _aAnual
490 _a360
500 _aPublicación doble cara
505 _aFGA lo que hace es darle confianza a los colombianos -- Un liderazgo que priorice el bienestar -- El turismo oportunidad clave para el país -- La agenda de política publica que el sector TIC necesita (...)
650 _2JMCR
_aReactivación económica
_zPandemia
_943343
650 _2JMCR
_aRetos y desafíos de la industria
_vRevista
_943344
650 _2JMCR
_aTransformación digital
_zPandemia
_943345
700 _943346
942 _2ddc
_cCR
999 _c30554
_d16938